Central Library and Information Centre
Sibsagar Girls' College, Sivasagar : Assam

CONCEPTUAL CHEMISTRY (For XI) (Record no. 11094)

MARC details
000 -LEADER
fixed length control field 00530cam a2200205ua 4500
008 - FIXED-LENGTH DATA ELEMENTS--GENERAL INFORMATION
fixed length control field 160327n II |||gr||||Z||||||eng
040 ## - CATALOGING SOURCE
Original cataloging agency MAIN
041 ## - LANGUAGE CODE
-- English
082 ## - DEWEY DECIMAL CLASSIFICATION NUMBER
Classification number 540 JAIN
100 ## - MAIN ENTRY--PERSONAL NAME
Personal name JAIN, S.K.
245 ## - TITLE STATEMENT
Title CONCEPTUAL CHEMISTRY (For XI)
250 ## - EDITION STATEMENT
Edition statement REP.
260 ## - PUBLICATION, DISTRIBUTION, ETC.
Place of publication, distribution, etc. NEW DELHI
Name of publisher, distributor, etc. S.CHAND & COMPANY
Date of publication, distribution, etc. 2010.
300 ## - PHYSICAL DESCRIPTION
Extent 1412:
Dimensions 24CM.
500 ## - GENERAL NOTE
General note TRANSFERRED TO SANASKRITI JUNIOR COLLEGE,SGC
700 ## - ADDED ENTRY--PERSONAL NAME
Personal name JAIN, S.K.,
Relator term Author.
942 ## - ADDED ENTRY ELEMENTS (KOHA)
Koha item type Books
653 ## - INDEX TERM--UNCONTROLLED
Uncontrolled term Chemistry & allied sciences
Holdings
Withdrawn status Lost status Damaged status Not for loan Collection code Home library Current library Shelving location Date acquired Full call number Barcode Date last seen Copy number Price effective from Koha item type
        TBCHE Central Library and Information Centre Sibsagar Girls College Central Library and Information Centre Sibsagar Girls College Chemistry Rack 18.03.1987 540 JAIN 09554 27.02.2020 1 27.02.2020 Books


Sibsagar Girl's College © 2020. All rights reserved.
Powered by Koha.
Maintained by Abhijit Borpuzari.